[Event "Togliatti AVTOVAZ CCC"]
[Site "Togliatti"]
[Date "2008.09.05"]
[Round "5"]
[White "Kryukov, Vladimir"]
[Black "Tyugin, Vladimir"]
[Result "0-1"]
[WhiteElo "2161"]
[BlackElo "1993"]
[PlyCount "102"]
[EventDate "2008.09.05"]
[EventType "tourn"]
[EventRounds "11"]
[EventCountry "RUS"]
[SourceTitle "EXT 2022"]
[Source "ChessBase"]
[SourceDate "2021.10.06"]
[SourceVersion "1"]
[SourceVersionDate "2021.10.06"]
[SourceQuality "1"]

1. e4 c5 2. Nf3 d6 3. d4 cxd4 4. Nxd4 Nf6 5. Nc3 a6 6. Be2 e6 7. f4 Qc7 8. 0-0 Be7 9. Be3 Nc6 10. Kh1 0-0 11. Qe1 b5 12. Nxc6 Qxc6 13. Bf3 e5 14. fxe5 dxe5 15. Nd5 Nxd5 16. exd5 Qd6 17. b4 Rb8 18. Ba7 Rb7 19. Bc5 Qc7 20. Bxe7 Qxe7 21. d6 Qxd6 22. Bxb7 Bxb7 23. Rd1 Qe6 24. a3 f5 25. Qe3 f4 26. Qb3 Qxb3 27. cxb3 e4 28. Rd7 Ba8 29. Kg1 e3 30. Re7 Bd5 31. Rd1 Bxb3 32. Rdd7 Bf7 33. h4 g6 34. Kf1 Kg7 35. Ke2 Kf6 36. Re4 g5 37. hxg5+ Kxg5 38. Ke1 Bg6 39. Re5+ Kg4 40. Rdd5 Bf5 41. Kf1 Rf6 42. Kg1 h6 43. Re8 Bg6 44. Re7 Bf7 45. Rde5 Kg3 46. Rc5 Rd6 47. Rc1 Bh5 48. Rg7+ Bg4 49. Rxg4+ Kxg4 50. Kh2 e2 51. Re1 Re6 0-1